Alle NBA Spieler mit über 20 Tausend Punkten (all Time) - Statistiken

Allgemein
  • Dieses Quiz wurde 490 mal gespielt
  • Das Durchschnittsergebnis liegt bei 20 aus 52
Antwortstatistiken
Punkte Antwort % Korrekt
42.184 LeBron James
100%
32.292 Michael Jordan
93%
33.643 Kobe Bryant
90%
25,386 Stephen Curry
90%
31.560 Dirk Nowitzki
87%
38.387 Kareem Abdul-Jabbar
87%
30.571 Kevin Durant
86%
27.687 James Harden
78%
31.419 Wilt Chamberlain
73%
28.596 Shaquille O‘Neal
72%
21.791 Larry Bird
70%
25.192 Jerry West
69%
36.928 Karl Malone
66%
26.205 Russell Westbrook
65%
26.496 Tim Duncan
65%
27.409 Moses Malone
63%
20.407 Joe Johnson
58%
23.165 Dwyane Wade
49%
26.071 Kevin Garnett
48%
24.368 Allen Iverson
47%
22.826 Chris Paul
45%
28.289 Carmelo Anthony
42%
26.946 Hakeem Olajuwon
42%
20.790 David Robinson
37%
24.505 Ray Allen
35%
26.397 Paul Pierce
33%
25.728 Vince Carter
32%
20.894 Pau Gasol
31%
23.757 Charles Barkley
30%
22.419 Damian Lillard
29%
25.279 Reggie Miller
28%
26.710 Oscar Robertson
25%
20.538 Giannis Antetokounmpo
23%
20.880 Bob Pettit
18%
24.789 DeMar DeRozan
18%
22.195 Clyde Drexler
17%
26.395 John Havlicek
17%
23.149 Elgin Baylor
14%
21.813 Gary Payton
12%
23.334 Robert Parish
10%
26.668 Dominique Wilkins
9%
25.613 Alex English
7%
27.313 Elvin Hayes
7%
20.708 George Gervin
7%
20.558 LaMarcus Aldridge
7%
24.815 Patrick Erwing
7%
20.049 Tom Chambers
2%
23.177 Adrian Dantley
1%
20.042 Antawn Jamison
1%
21.586 Hal Greer
1%
20.497 Mitch Richmond
1%
20.941 Walt Bellamy
1%
Keine übereinstimmenden Quizze gefunden
Verteilung der Resultate
Anzahl Personen mit jedem Resultat
Perzentil nach korrekt beantworteten Fragen
Ihre Resultats-Entwicklung
Sie haben dieses Quiz noch nicht gespielt